000 01434nam a2200229Ia 4500
003 OSt
005 20210506001056.0
008 210310q2000 ck ad gr 000 0 spa d
040 _aCO-JMCR
_cCO-JMCR
041 0 _aspa
082 0 4 _a334.006 /
_bD262t
_223
110 2 _aDepartamento Administrativo Nacional de la Economía Solidaria
_937462
245 1 0 _aTrabajo y economía solidaria :
_bestratégicas de justicia social y paz /
_cDepartamento Administrativo Nacional de la Economía Solidaria
260 _a[Bogotá] :
_bDansocial,
_c2000
300 _a42 páginas :
_bilustraciones y gráficas a color ;
_c28 cm.
500 _a"Plan de acción. Plataforma estratégica"--Portada
504 _aBibliografía: páginas 41-42
505 0 _aPolíticas generales para la economía solidaria -- Nuestra misión -- Nuestra visión -- Nuestros principios -- Fines de la economía solidaria -- La estructura del Dansocial -- Objetivo general -- Objetivos específicos -- Funciones generales -- Políticas hacia el interior del departamento -- Estrategias orientadas al desarrollo del sector solidario -- Cobertura-Población objeto -- Prospectiva para la elaboración de los planes operativos que dinamicen el desarrollo de la economía solidaria -- Cooperación interinstitucional -- Control de gestión institucional
650 1 4 _aEconomía solidaria
_915441
650 2 4 _aEconomía solidaria
_xEstrategias
_937463
942 _2ddc
_cBK
999 _c7781
_d7781